000 00535nam a22001577a 4500
003 macl
005 20191004133843.0
008 191004b xxu||||| |||| 00| 0 eng d
040 _cmacl
082 _a800/MAD
100 _aमधु
_976887
245 _aकथाकार फणीश्‍वरनाथ रेणु एक नया आयाम
260 _aगाजियाबाद
_bके. एल. पचौरी प्रकाशन
_c2016
650 _aकथा साहित्‍य
_9191
942 _2ddc
_cHIN
999 _c61156
_d61156